000 00333nam a2200133Ia 4500
008 220204s9999 xx 000 0 und d
082 _a539.31
_bTIM
100 _aGere, James M
245 0 _aTheory of elastic stability
250 _aEd.2
260 _aNew York
_bMcGraw Hill
_c1961
700 _aTimoshenko, Stephen P
942 _cBK
999 _c24059
_d24059